|
LDR
| 01958nam a2200541 a 4500 |
|---|
| 001 | 30944 |
|---|
| 003 | CZ-PrJAB |
|---|
| 005 | 20190202114123.0 |
|---|
| 007 | ta |
|---|
| 008 | 110328s2011 xr a e f 000 0 cze |
|---|
| 015 | | . |
‡acnb002177960 |
|---|
| 020 | | . |
‡a978-80-904452-4-6
‡q(brož.) |
|---|
| 035 | | . |
‡a(CZ PrNK)nkc20112177960 |
|---|
| 035 | | . |
‡a(OCoLC)746836030 |
|---|
| 040 | | . |
‡aBOA001
‡bcze |
|---|
| 043 | | . |
‡ae-xr--- |
|---|
| 045 | | . |
‡ay0y1 |
|---|
| 072 | | 7. |
‡a374
‡xVýchova a vzdělávání dospělých. Mimoškolní výchova a vzdělávání
‡2Konspekt
‡922 |
|---|
| 080 | | . |
‡a316.4.063.3-054.72
‡2MRF |
|---|
| 080 | | . |
‡a374.7
‡2MRF |
|---|
| 080 | | . |
‡a37.018.4
‡2MRF |
|---|
| 080 | | . |
‡a37.014.542
‡2MRF |
|---|
| 080 | | . |
‡a(437.3)
‡2MRF |
|---|
| 080 | | . |
‡a(072)
‡2MRF |
|---|
| 245 | 0 | 0. |
‡aMetodika nízkoprahových kurzů pro cizince :
‡bŠance - práce - integrace! /
‡c[autorky Hana Víznerová ... et al.] |
|---|
| 250 | | . |
‡a1. vyd. |
|---|
| 260 | | . |
‡aPraha :
‡bEvropská kontaktní skupina,
‡c2011 |
|---|
| 300 | | . |
‡a68 s. :
‡bil. ;
‡c21 cm |
|---|
| 500 | | . |
‡a1000 výt. |
|---|
| 504 | | . |
‡aObsahuje bibliografii |
|---|
| 610 | 2 | 7. |
‡aŠance - práce - integrace! (projekt)
‡7mzk2011641675
‡2czenas |
|---|
| 648 | | 7. |
‡a2001-2020
‡7ch460601
‡2czenas |
|---|
| 648 | | 4. |
‡a2009-2011 |
|---|
| 650 | 0 | 7. |
‡aintegrace imigrantů
‡7ph164956
‡zČesko
‡2czenas |
|---|
| 650 | 0 | 7. |
‡avzdělávání dospělých
‡7ph162891
‡zČesko
‡2czenas |
|---|
| 650 | 0 | 7. |
‡avzdělávací kurzy
‡7ph262225
‡zČesko
‡2czenas |
|---|
| 650 | 0 | 7. |
‡avzdělávací projekty
‡7ph242428
‡zČesko
‡y2001-2020
‡2czenas |
|---|
| 650 | 0 | 9. |
‡aintegration of immigrants
‡zCzechia
‡2eczenas |
|---|
| 650 | 0 | 9. |
‡aadult learning
‡zCzechia
‡2eczenas |
|---|
| 650 | 0 | 9. |
‡aeducational courses
‡zCzechia
‡2eczenas |
|---|
| 650 | 0 | 9. |
‡aeducational projects
‡zCzechia
‡y2001-2020
‡2eczenas |
|---|
| 655 | | 7. |
‡ametodické příručky
‡7fd132826
‡2czenas |
|---|
| 655 | | 9. |
‡amethodological manuals
‡2eczenas |
|---|
| 700 | 1 | . |
‡aVíznerová, Hana,
‡d1980-
‡7mzk2008458814
‡4aut |
|---|
| 710 | 2 | . |
‡aŠance - práce - integrace! (projekt)
‡7mzk2011641675 |
|---|
| 910 | | . |
‡aABH006 |
|---|
| 901 | | . |
‡a30944
‡b
‡c30944
‡tbiblio |
|---|